00898nam a2200241 a 4500001001000000003000500010005001700015008004100032010001100073011001100084040000900095100002500104245020800129260008200337300003600419650004600455650003400501650002100535650001800556650003500574700001900609700002800628000111884CHAP20240520133519.0150928s2012 mx a |r| |||||||spa d a108345 a109317 cCHAP1 aRiegelhaupt, Enrique10aInforme final :binventario de proyectos de investigación, desarrollo y transferencia de tecnologías en materia de bioenergéticos /cpor Enrique Riegelhaupt, Laura Cecotti y Juan Pablo Gutiérrez. aMorelia, Mich. :bRed Mexicana de Bioenergía :bCOFUPRO :bSAGARPA,cc2012. a26 p. :bil.e+ CD (4 3/4 Plg.)14aAgriculturaxInnovaciones tecnológicas.14aAgriculturaxInvestigación.14aBioenergética.14aBioenergía.14aTransferencia de tecnología.1 aCecotti, Laura1 aGutiérrez, Juan Pablo